00297nam a2200133Ia 45000030006000000080041000060400015000471000014000622450022000762600032000983000006001305460010001360050017001460STCL150530s9999 xx 000 0 und d aSTCLcSTCL aGulab Rai aKatha Kusumanjali bUniversity Book; Agrac1972 a0 aHindi20220125171243.0